| 000 | 00618nam a2200169 a 4500 | ||
|---|---|---|---|
| 008 | 120416s1979 ||||||||||||||||| || u | ||
| 020 | _a0903804476 | ||
| 050 | _aHD 9579.P44 Mot | ||
| 100 | _aMotamen, Homa | ||
| 245 | 1 | 0 | _aExpenditure of oil revenue |
| 246 | _aan optimal control approach with applications to the Iranian economy | ||
| 260 |
_aLondon _bFrances Pinter _c1979 |
||
| 350 | _a0.00 | ||
| 650 | _aINDUSTRY | ||
| 650 | _aOIL INDUSTRY--IRAN | ||
| 995 |
_D0.00 _FCBU-MAIN LIBRARY (Kitwe) _H1 _I15.00 _M1 _UAVAILABLE _ZMain Library Open Access Collection |
||
| 999 |
_c42870 _d42870 |
||